1993 1453 1453 1515 1591 1409 1486 1829 1960 1607 1434 1690 1871 1919 1971 1408 1595 1214 1547 1523 1055 1895 1834 1265 1956 1070 1908 1754 1271 1679 1252 1204 1949 1894 1148 1633 1349 1745 1251 1977 1884 1597 1807 1569 1023 1320 1335 1121 1944 1779 1432 1295 1940 1965 1051 1399 1989 1727 1347 1873 1544 1645 1718 1163 1782 1752 1354 1996 1087 1486 1901 1073 1881 1684 1095 1598 1750 1519 1009 1128 1624 1005 1928 1272 1961 1153 1642 1751 1026 1751 1992 1762 1592 1208 1964 1393 1216 1566 1398 BCNSPRNW ULIB Ver.6.0+V

เปลี่ยนเป็นภาษาไทย

Change to English
 แสดงรายละเอียดบรรณานุกรม
  กลับหน้าหลัก

Brief Record : Get Marc (ISO 2709) : E-mail record : QR code < ปิดหน้าต่าง
LEADER : 00000nam 2200000uu 4500
001    13399120117
003     ULIB
008    120904s2553||||th 000 0 tha d
020    ^a9789742913151(ล.1)
060 04 ^aWY100^bพ361น ล.1
245 00 ^aแนวคิดพื้นฐานและหลักการพยาบาล^nเล่ม 1 /^cบรรณาธิการ,อภิญญา เพียรพิจารณ์
250    ^aพิมพ์ครั้งที่ 10
260    ^aนนทบุรี :^bโครงการสวัสดิการวิชาการ สถาบันพระบรมราชชนก,^c2553
300    ^a[20], 369 หน้า :^bภาพประกอบ ;^c26 ซม.
650  7 ^aการพยาบาล
650  7 ^aการพยาบาลเบื้องต้น
700 0  ^aอภิญญา เพียรพิจารณ์,^eบรรณาธิการ
710 2  ^aสถาบันพระบรมราชชนก. ^bโครงการสวัสดิการวิชาการ
945    ^p0^l0^i19391
945    ^p0^l0^i19392
945    ^p0^l0^i19393
945    ^p0^l0^i19394
945    ^p0^l0^i19395
995    ^a กัณชพร
999    ^aใช้งานได้ทุกระบบ
รายการนี้ยังไม่มีแท็ก
คุณยังไม่ได้ล็อกอิน คุณสามารถมีกิจกรรมร่วมกับเว็บไซต์ได้ แต่ต้องล็อกอินก่อน ::
  ล็อกอิน

รายการสื่อสารสนเทศ

ลำดับที่ ประเภท เลขเรียก/บาร์โค้ด สถานที่ สถานะ
1. Book การพยาบาล
Book การพยาบาล
WY100 พ361น ล.1  
  Barcode: 19391
ห้องสมุดวิทยาเขตนครสวรรค์
►ส่วนจัดเก็บหนังสือเก่า นว.
บนชั้น
  ขอยืม
2. Book การพยาบาล
Book การพยาบาล
WY100 พ361น ล.1 ฉ.2 
  Barcode: 19392
ห้องสมุดวิทยาเขตนครสวรรค์
►ส่วนจัดเก็บหนังสือเก่า นว.
บนชั้น
  ขอยืม
3. Book การพยาบาล
Book การพยาบาล
WY100 พ361น ล.1 ฉ.3 
  Barcode: 19393
ห้องสมุดวิทยาเขตนครสวรรค์
►ส่วนจัดเก็บหนังสือเก่า นว.
บนชั้น
  ขอยืม
4. Book การพยาบาล
Book การพยาบาล
WY100 พ361น ล.1 ฉ.5 
  Barcode: 19395
ห้องสมุดวิทยาเขตนครสวรรค์
►ส่วนจัดเก็บหนังสือเก่า นว.
บนชั้น
  ขอยืม

รายการใกล้เคียง
    หัวเรื่อง [การพยาบาล]
    หัวเรื่อง [การพยาบาลเบื้องต้น]

BibComment


ยังไม่เคยถูกคอมเมนท์

คอมเมนท์ทรัพยากรรายการนี้
  คอมเมนท์: แนวคิดพื้นฐานและ..


 Copyright 2026. Bcnsprnw @Library